| 000 | 00415nam a22001577a 4500 | ||
|---|---|---|---|
| 003 | SGT | ||
| 020 | _a9780070616059 | ||
| 082 | _a658,STE | ||
| 100 | _aSTEVENSON WILLIAM J. | ||
| 245 | _aINTRODUCTION TO MANAGEMENT WITH SPREADSHEETS | ||
| 260 |
_aNEW DELHI _bMC GRAW HILL EDUCATION _c2015 |
||
| 300 | _a812 | ||
| 650 | _aMANAGEMENT | ||
| 653 | _aINTRODUCTIONS TO MANAGEMENT SCIENCE MODELING | ||
| 942 |
_2ddc _cBK |
||
| 999 |
_c9733 _d9733 |
||